The Analysis, Design and Implementation of Informa (Record no. 258461)

MARC details
000 -LEADER
fixed length control field 00370pam a2200157a 44500
008 - FIXED-LENGTH DATA ELEMENTS--GENERAL INFORMATION
fixed length control field 230405s1992 xxu||||| |||| 00| 0 eng d
041 ## - LANGUAGE CODE
Language code of text/sound track or separate title ENG
100 ## - MAIN ENTRY--PERSONAL NAME
Personal name Henry C. Lucas Jr.
245 ## - TITLE STATEMENT
Title The Analysis, Design and Implementation of Informa
250 ## - EDITION STATEMENT
Edition statement 4
260 ## - PUBLICATION, DISTRIBUTION, ETC.
Place of publication, distribution, etc.
Name of publisher, distributor, etc. M.G.H.
Date of publication, distribution, etc. 1992
300 ## - PHYSICAL DESCRIPTION
Extent 550P, 24cms
440 ## - SERIES STATEMENT/ADDED ENTRY--TITLE
Title 411
690 ## - LOCAL SUBJECT ADDED ENTRY--TOPICAL TERM (OCLC, RLIN)
Topical term or geographic name as entry element MCA
906 ## - LOCAL DATA ELEMENT F, LDF (RLIN)
a 5602
Holdings
Withdrawn status Lost status Damaged status Not for loan Collection Home library Current library Date acquired Total Checkouts Barcode Date last seen Price effective from Koha item type
          Institute of Management & Rural Development Administration, Sangli Institute of Management & Rural Development Administration, Sangli 11/06/2016   RDS-MC-759 14/04/2023 14/04/2023 Book